Mechanical engineering design (Record no. 570370)

000 -LEADER
fixed length control field 00512nam a22001937a 4500
003 - CONTROL NUMBER IDENTIFIER
control field CEME
005 - DATE AND TIME OF LATEST TRANSACTION
control field 20210628202617.0
008 - FIXED-LENGTH DATA ELEMENTS--GENERAL INFORMATION
fixed length control field 210127b xxu||||| |||| 00| 0 eng d
020 ## - INTERNATIONAL STANDARD BOOK NUMBER
International Standard Book Number 0-07-118186-5
040 ## - CATALOGING SOURCE
Transcribing agency .
082 ## - DEWEY DECIMAL CLASSIFICATION NUMBER
Classification number 621.815 SHI
100 ## - MAIN ENTRY--PERSONAL NAME
Personal name Shigley, Joseph.E:Mischke, Charles.R
9 (RLIN) 60699
245 ## - TITLE STATEMENT
Title Mechanical engineering design
250 ## - EDITION STATEMENT
Edition statement 6TH
260 ## - PUBLICATION, DISTRIBUTION, ETC.
Place of publication, distribution, etc. NEW YORK
Name of publisher, distributor, etc. MCGRAW HILL
Date of publication, distribution, etc. 2001
300 ## - PHYSICAL DESCRIPTION
Extent XXXI,1248P
650 ## - SUBJECT ADDED ENTRY--TOPICAL TERM
Topical term or geographic name entry element ENGINEERING DESIGN; MACHINE DESIGN
9 (RLIN) 60700
942 ## - ADDED ENTRY ELEMENTS (KOHA)
Koha item type Book
Source of classification or shelving scheme
Holdings
Withdrawn status Lost status Damaged status Not for loan Permanent Location Current Location Shelving location Date acquired Total Checkouts Full call number Barcode Date last seen Date last checked out Price effective from Koha item type Checked out
        College of Electrical & Mechanical Engineering (CEME) College of Electrical & Mechanical Engineering (CEME) General Stacks 03/19/2017 2 621.815 SHI CEME-39438 04/22/2026 11/24/2025 06/28/2021 Book  
        College of Electrical & Mechanical Engineering (CEME) College of Electrical & Mechanical Engineering (CEME) General Stacks 03/19/2017 2 621.815 SHI CEME-38832 11/25/2025 11/25/2025 06/28/2021 Book 12/25/2025
        College of Electrical & Mechanical Engineering (CEME) College of Electrical & Mechanical Engineering (CEME) General Stacks 03/19/2017 2 621.815 SHI CEME-36404 11/24/2025 11/24/2025 06/28/2021 Book 12/24/2025
© 2023 Central Library, National University of Sciences and Technology. All Rights Reserved.